000 00304nam a22001337a 4500
008 170619b xxu||||| |||| 00| 0 eng d
020 _a9780321029461
041 _aeng
080 _a32
100 _a20
101 _aSHP
245 _aAMERICAN POLITICAL IDEALS AND REALITIES
_cWOLL,P
942 _2udc
_cBK
999 _c18163
_d18163